| 000 | 01055nam a2200265 a 4500 | ||
|---|---|---|---|
| 001 | 000023031 | ||
| 005 | 20200930021937.0 | ||
| 008 | 101124s1969 mx c r 000 f spa d | ||
| 040 |
_aDO-SdBNP _bspa _cBNPHU |
||
| 041 | 1 | 7 |
_aspa _hger _2Código de idiomas MARC |
| 082 |
_a940.544 _bK72y, 1969 |
||
| 100 | 1 |
_aKnoke, Heinz, _947381 |
|
| 240 | 1 | 0 |
_aIch fluchte für den führer. _lEspañol. |
| 245 | 1 | 0 |
_aYo volé para el Führer : _bla historia de un aviador alemán / _cHeinz Knoke , traducción de José Ramos Cervantes ; supervisión de Eduardo Escalona ; introducción de John Pudney. |
| 250 | _a10a ed. | ||
| 260 |
_aMéxico : _bDiana, _c1969. |
||
| 300 |
_a249 p. : _bretrs. ; _c20 cmm. |
||
| 534 |
_pTítulo original en alemán: _tIch fluchte für den führer. |
||
| 600 | 1 | 0 |
_aKNOKE, HEINZ, _d1923-1993 _xAUTOBIOGRAFÍA _947382 |
| 650 | 4 |
_aGuerra mundial ii, 1939-1945 _xOperaciones aéreas _947383 |
|
| 700 | 1 |
_aRamos Cervantes, José, _etr. _947384 |
|
| 700 | 1 |
_aPudney, John, _eintr. _947385 |
|
| 700 | 1 |
_aEscalona, Eduardo, _97529 |
|
| 049 | _aBNGR | ||
| 999 |
_c22528 _d22528 |
||